|
|
|
|
| LEADER |
01005nam a2200253 a 4500 |
| 001 |
1559102 |
| 008 |
090824s1993 nyua 001 0 eng d |
| 010 |
|
|
|a \\\92011134
|
| 020 |
|
|
|a 0070049955
|
| 040 |
|
|
|a DLC
|c DLC
|d DLC
|
| 082 |
0 |
0 |
|a 512.9
|2 20
|
| 100 |
1 |
|
|a Barnett, Raymond A.
|
| 245 |
1 |
0 |
|a College algebra /
|b Raymond A. Barnett, Michael R. Ziegler.
|
| 250 |
|
|
|a 5th ed.
|
| 260 |
|
|
|a New York :
|b McGraw-Hill,
|c c1993.
|
| 300 |
|
|
|a xix, 660, [61] p. :
|b ill. (some col.) ;
|c 27 cm.
|
| 504 |
|
|
|a Includes index.
|
| 541 |
1 |
|
|e 00011504
|
| 650 |
|
0 |
|a Algebra.
|
| 700 |
1 |
|
|a Ziegler, Michael R.
|
| 852 |
4 |
|
|a Ayesha Abed Library
|j General shelf
|
| 999 |
|
|
|c 3580
|d 3580
|
| 952 |
|
|
|0 0
|1 4
|2 ddc
|4 0
|6 512_900000000000000_BAR
|7 0
|9 7483
|a BRACUL
|b BRACUL
|c GEN
|d 2010-01-26
|l 0
|o 512.9 BAR
|p 3010011503
|r 2010-01-26
|t 2
|w 2010-01-26
|y BK
|x Koha Inventory 2020
|
| 952 |
|
|
|0 0
|1 4
|2 ddc
|4 0
|6 512_900000000000000_BAR
|7 0
|9 17628
|a BRACUL
|b BRACUL
|c GEN
|d 2011-07-26
|l 0
|o 512.9 BAR
|p 3010011504
|r 2011-07-26
|t 1
|w 2011-07-26
|y BK
|x Koha Inventory 2020
|